000 01061nam a22003377a 4500
003 CHAP
005 20220824120809.0
008 971013s r 00010 d
010 _a31965
011 _a32937
035 _a37052
040 _cCHAP
090 _aTesis
100 0 0 _aMartínez Mejía, Guillermo.
_972278
245 _aDistrito de riego No. 11 "Alto Río Lerma"
260 _aCanal de Salamanca, Gto. :
_bEl autor
_c1945
300 _a49 h.
_b: ilus
502 _aTesis (Ing. Agr. Esp. en Irrigación) -- ENA. Departamento de Irrigación
590 _aALEPH
_b10
_c20130110
590 _aBATCH-UPD
_b10
_c20130110
590 _aBATCH-UPD
_b10
_c20130410
590 _aBATCH-UPD
_b10
_c20130914
590 _aCONVERSION
_b10
_c20130109
650 1 4 _aCanales
_xGuanajuato.
_918261
650 1 4 _aDistrito de Riego Alto Río Lerma, Gto. y Mich.
_932841
901 _aBK
942 _cFOLL
_2ddc
949 _bBC
_cTES
_d-85031
_eTS1
_i37052
_si
949 _bBC
_cTES
_d-85033
_eTS2
_fc.2
_i37052
_si
949 _bBC
_cTES
_d-85034
_eTS2
_fc.3
_i37052
_si
999 _c31965
_d31965